01923nam a2200253 a 4500001001000000005001700010041000800027044000700035084002000042100004500062245019100107260003300298300003300331500032300364500066700687500001001354546002401364650005201388650005601440650003401496650004501530700004401575740005001619BRCA_343520190320204300.0 aita ait a724b.A49c18181 aCervantes Saavedra, Miguel ded1547-161610aL´Ingegnoso Cittadino Don Chisciotte della ManciacOpera di Michele di Cervantes Saavedra ; Traduzione nuovissima dall´originale spagnolo, colla Vita dell´ Autore da Bartolomeo Gamba. aVeneciabAlvisopolic1818-19 a4 v. en 8 tomosbil.c16 cm. aContenido : v.1-2. Primera parte. Advertencia de los editores. Relación de la vida y obras de Cervantes tomada de Pellicer y Quintana. Dedicatoria y prólogo del autor. 1818. -- v.3-4. Primera parte. Texto. 1818. -- v.5-6. Segunda parte. Dedicatoria y prólogo del autor. 1819. -- v.7-8. Segunda parte. Texto. 1819 aTraducción de Bartolomeo Gamba que siguió el texto de la edición madrileña de 1608 (Cuesta), el cual reproduce, salvo en contados casos, con bastante fidelidad. Su estilo es fluido y elegante y los poemas están traducidos con refinado gusto. También suprime los versos preliminares; en cambio, merece elogios por haber vertido al italiano las dedicatorias cervantinas de ambas partes y el prólogo de la segunda. Datos sobre la vida de Cervantes están tomados de Pellicer y Quintana. Pulcramente impresa con finos tipos. Va adornada con láminas dibujadas y grabadas por F. Novelli. Semipiel; lomos y planos decorados con dorados Lúdovik Osterc aQM544 aTexto en : italiano14aNovela españolayÉpoca clásica, 1500-170014aLiteratura españolayÉpoca clásica, 1500-170014aNovela españolaySiglo XVII14aDon Quijote (Personaje ficticio)eNovela1 aGamba, Bartolomeod1766-1841eTraductor0 aEl Ingenioso Hidalgo Don Quijote de la Mancha